Προς μια συστημική προσέγγιση του scrapping των πλοίων = η ναυτιλία ως σύστημα : πτυχιακή εργασία

Αποθηκεύτηκε σε:
Λεπτομέρειες βιβλιογραφικής εγγραφής
Κύριος συγγραφέας: Λούση, Ελένη
Συγγραφή απο Οργανισμό/Αρχή: Πανεπιστήμιο Αιγαίου Σχολή Επιστημών της Διοίκησης Τμήμα Ναυτιλίας και Επιχειρηματικών Υπηρεσιών - Τ.Ν.Ε.Υ
Άλλοι συγγραφείς: Κορρές, Άλκης (Εισηγητής διατριβής)
Μορφή: Thesis Βιβλίο
Γλώσσα:Greek
Δημοσίευση: 2010
Θέματα:
Διαθέσιμο Online:http://hdl.handle.net/11610/9627
Ετικέτες: Προσθήκη ετικέτας
Δεν υπάρχουν, Καταχωρήστε ετικέτα πρώτοι!

MARC

LEADER 00000cam a2200000 i 4500
001 1/20091
008 120601s2010 gre d
035 |l 10112644 
040 |a GR-MY-UA  |b gre  |e aacr 
041 0 |a gre 
082 0 |a 387.245  |2 (22) 
100 1 |a Λούση, Ελένη. 
245 1 0 |a Προς μια συστημική προσέγγιση του scrapping των πλοίων =  |b η ναυτιλία ως σύστημα : πτυχιακή εργασία /  |c Λούση Ελένη ; επιβλέπων καθηγητής: Άλκης Ι. Ε. Κορρές 
260 |c 2010 
300 |a 54 σ.;  |b διαγρ., πίν.;  |c 30 εκ. 
502 |a Πτυχιακή εργασία – Πανεπιστήμιο Αιγαίου, Χίος, 2010. 
504 |a Περιλαμβάνει βιβλιογραφία 
650 0 0 |a Shipping  |x Finance. 
650 0 0 |a Ships  |x Scrapping. 
650 0 0 |a Merchant marine. 
650 0 0 |a Shipowners. 
650 0 0 |a Shipbuilding. 
650 0 0 |a Ship brokers. 
650 0 0 |a Dissertations, Academic  |z Greece. 
700 1 |a Κορρές, Άλκης.  |4 ths 
710 1 |a Πανεπιστήμιο Αιγαίου  |b Σχολή Επιστημών της Διοίκησης  |b Τμήμα Ναυτιλίας και Επιχειρηματικών Υπηρεσιών - Τ.Ν.Ε.Υ. 
852 |a INST  |b CHIOS  |c DIATR  |e 20120601  |h 387.245 ΛΟΥ  |p 005200034127  |q 005200034127  |t DIE  |y 23 
852 |a INST  |b CHIOS  |c DIATR  |e 20120601  |h 387.245 ΛΟΥ  |p 005200034128  |q 005200034128  |t DIE  |y 23 
856 |u http://hdl.handle.net/11610/9627 
901 |a BIBL2-2012-2 
909 |a Χ  |b 149672 
909 |a Χ  |b 149673 
924 |a ΛΟΥΣΗ  |b ΕΛΕΝΗ  |y ΧΙΟΣ  |z 2010-11 
970 |a ΠΑΡΟΙΚΑΚΗ  |b ΒΑΣΙΛΙΚΗ  |z 2012/06/01